[Event "7th Holuj Radzikowska 2017"]
[Site "Wroclaw"]
[Date "2017.11.30"]
[Round "2"]
[White "Mkrtchian, Lilit"]
[Black "Majdan, Joanna"]
[Result "1/2-1/2"]
[WhiteElo "2390"]
[BlackElo "2349"]
[Annotator "RC"]
[PlyCount "118"]
[EventDate "2017.??.??"]
[EventType "swiss"]
[EventCountry "POL"]
[SourceTitle "playchess.com"]
[Source "ChessBase"]
[SourceQuality "1"]
[TimeControl "40/5400+30:1800+30"]

1. Nf3 {[%emt 0:00:00]} d5 {[%emt 0:00:31]} 2. g3 {[%emt 0:00:06]} Nf6 {[%emt 0:01:29]} 3. Bg2 {[%emt 0:00:16]} Bf5 {[%emt 0:01:39]} 4. c4 {[%emt 0:01:55]} c6 {[%emt 0:02:57]} 5. O-O {[%emt 0:00:17]} e6 {[%emt 0:00:33]} 6. cxd5 {[%emt 0:00:24]} exd5 {[%emt 0:01:18]} 7. d3 {[%emt 0:00:17]} Na6 {[%emt 0:02:01]} 8. a3 {[%emt 0:01:13]} Be7 {[%emt 0:01:00]} 9. b4 {[%emt 0:01:30]} Nc7 {[%emt 0:00:21]} 10. Nd4 {[%emt 0:01:47]} Bg6 {[%emt 0:00:43]} 11. Nb3 {[%emt 0:00:08]} O-O {[%emt 0:01:11]} 12. Bb2 {[%emt 0:03:53]} Re8 {[%emt 0:01:27]} 13. N1d2 {[%emt 0:02:28]} Ne6 {[%emt 0:05:35]} 14. Nf3 {[%emt 0:20:37]} Nd7 {[%emt 0:07:15]} 15. Rc1 {[%emt 0:07:20]} Qb6 {[%emt 0:02:11]} 16. Rb1 {[%emt 0:05:47]} Rad8 {[%emt 0:07:29]} 17. Qd2 {[%emt 0:01:49]} Qa6 {[%emt 0:04:35]} 18. Rfc1 {[%emt 0:00:48]} Rc8 {[%emt 0:10:08]} 19. Bh3 {[%emt 0:04:39]} Bd6 {[%emt 0:05:43]} 20. Nfd4 {[%emt 0:02:14]} Qb6 {[%emt 0:05:32]} 21. Ba1 {[%emt 0:08:40]} Re7 {[%emt 0:05:10]} 22. Nc5 {[%emt 0:06:01]} Rce8 {[%emt 0:02:10]} 23. Nf5 {[%emt 0:16:20]} Bxf5 {[%emt 0:00:22]} 24. Bxf5 {[%emt 0:00:03]} Qc7 {[%emt 0:01:49]} 25. Nxd7 {[%emt 0:02:42]} Qxd7 {[%emt 0:02:07]} 26. e4 {[%emt 0:00:45]} Bc7 {[%emt 0:02:40]} 27. Qb2 {[%emt 0:03:04]} f6 {[%emt 0:01:44]} 28. Qb3 {[%emt 0:00:17]} Bb6 {[%emt 0:01:41]} 29. exd5 {[%emt 0:03:01]} cxd5 {[%emt 0:00:04]} 30. Bh3 {[%emt 0:03:23]} Qd6 {[%emt 0:00:48]} 31. Bg2 {[%emt 0:00:43]} Nc7 {[%emt 0:02:40]} 32. d4 {[%emt 0:00:22]} f5 {[%emt 0:03:26]} 33. a4 {[%emt 0:02:49]} a6 {[%emt 0:00:13]} 34. Qf3 {[%emt 0:00:44]} g6 {[%emt 0:02:47]} 35. Bc3 {[%emt 0:00:16]} Re2 {[%emt 0:02:14]} 36. Qd3 {[%emt 0:00:30]} f4 {[%emt 0:02:12]} 37. Re1 {[%emt 0:00:40]} Rxe1+ {[%emt 0:00:32]} 38. Rxe1 {[%emt 0:00:03]} Rxe1+ {[%emt 0:01:16]} 39. Bxe1 {[%emt 0:00:03]} fxg3 {[%emt 0:01:17]} 40. hxg3 {[%emt 0:00:00]} Kg7 {[%emt 0:01:43]} 41. Bd2 {[%emt 0:08:36]} Ne6 {[%emt 0:01:47]} 42. Qf3 {[%emt 0:02:12]} Bxd4 {[%emt 0:01:49]} 43. Qxd5 {[%emt 0:00:23]} Qxd5 {[%emt 0:00:26]} 44. Bxd5 {[%emt 0:00:12]} Nd8 {[%emt 0:00:08]} 45. Kf1 {[%emt 0:05:38]} Kf6 {[%emt 0:00:20]} 46. Ke2 {[%emt 0:00:17]} Ke5 {[%emt 0:01:11]} 47. Bg2 {[%emt 0:00:19]} Nc6 {[%emt 0:02:52]} 48. f4+ {[%emt 0:05:18]} Kd6 {[%emt 0:04:11]} 49. Kd3 {[%emt 0:00:04]} Bf2 {[%emt 0:01:09]} 50. g4 {[%emt 0:00:04]} h5 {[%emt 0:00:43]} 51. gxh5 {[%emt 0:08:18]} gxh5 {[%emt 0:00:05]} 52. Ke4 {[%emt 0:00:12]} h4 {[%emt 0:05:08]} 53. Kf5 {[%emt 0:01:39]} Ne7+ {[%emt 0:04:45]} 54. Kg5 {[%emt 0:00:10]} Nd5 {[%emt 0:01:28]} 55. f5 {[%emt 0:00:19]} Ke5 {[%emt 0:01:12]} 56. f6 {[%emt 0:02:40]} Nxf6 {[%emt 0:00:33]} 57. Bc3+ {[%emt 0:02:44]} Bd4 {[%emt 0:00:36]} 58. Bxd4+ {[%emt 0:00:06]} Kxd4 {[%emt 0:00:03]} 59. Bxb7 {[%emt 0:00:19]} Kc4 {[%emt 0:01:17]} 1/2-1/2

[Event "7th Holuj Radzikowska 2017"]
[Site "Wroclaw"]
[Date "2017.12.01"]
[Round "3"]
[White "Socko, Monika"]
[Black "Zawadzka, Jolanta"]
[Result "1/2-1/2"]
[WhiteElo "2476"]
[BlackElo "2428"]
[Annotator "TA"]
[PlyCount "76"]
[EventDate "2017.??.??"]
[EventType "swiss"]
[EventCountry "POL"]
[SourceTitle "playchess.com"]
[Source "ChessBase"]
[SourceQuality "1"]

{[%evp 15,76,7,13,-3,-4,-14,-8,-14,-12,-14,-12,-20,-15,-18,14,8,12,0,0,0,0,0,0,0,4,8,11,-7,0,0,0,-47,-48,-50,-49,-33,-39,-31,-38,-41,-27,-63,-68,-80,-30,-76,-37,-52,-44,-45,-8,-20,-8,-8,-8,-8,-8,-8,-7,-7,-7,-8,-8]} 1. d4 d5 2. c4 e6 3. Nf3 Nf6 4. Nc3 a6 5. cxd5 exd5 6. Bf4 {D37: Damengambit (5.Lf4)} Bd6 7. Bg3 Bf5 8. e3 O-O {LiveBook: 7 Partien} 9. Nh4 $146 ({Vorgänger:} 9. Qb3 Bxg3 10. hxg3 Nc6 11. Be2 Qd6 12. O-O Ne7 13. Ne5 h5 {0-1 (39) Karjakin,S (2783)-Adams,M (2761) Shamkir 2017}) 9... Bg4 10. Be2 Bxe2 11. Qxe2 Re8 12. Nf5 Bf8 {[%cal Bd6f8,Bf8g7,Bg7f6][%mdl 32]} 13. Bh4 g6 14. Ng3 Bg7 15. O-O Qd6 16. Bxf6 Bxf6 17. Qf3 c6 18. Rad1 Nd7 19. e4 dxe4 20. Ngxe4 Qe7 21. Rfe1 Bg7 {Und ...f5 würde nun gewinnen.} 22. Re2 Nf6 23. Nc5 Qc7 24. h3 Rxe2 25. Qxe2 Re8 26. Qc4 a5 27. Nb3 Re7 28. Qc5 b6 29. Qc4 Ne8 {[%cal Bf6e8,Be8d6,Bd6f5][%mdl 32]} 30. Qa6 Nd6 31. Rc1 Qb8 32. Na4 Nf5 {[#] zielt auf ...b5 ab.} (32... Nc8 {with more complications.} 33. d5 c5 34. g3 Re4 35. Nc3 Re8) 33. Qxb6 {Die Stellung ist ausgeglichen.} Qxb6 34. Nxb6 Nxd4 {Und weiter mit ...Se2+ wäre nett.} 35. Kf1 Nxb3 36. axb3 Bxb2 37. Rxc6 Rb7 38. Nc4 Rxb3 {Precision: Weiß = 52%, Schwarz = 78%.} 1/2-1/2

[Event "7th Holuj Radzikowska 2017"]
[Site "Wroclaw"]
[Date "2017.12.01"]
[Round "3"]
[White "Atalik, Ekaterina"]
[Black "Bulmaga, Irina"]
[Result "1/2-1/2"]
[WhiteElo "2463"]
[BlackElo "2420"]
[Annotator "TA"]
[PlyCount "44"]
[EventDate "2017.??.??"]
[EventType "swiss"]
[EventCountry "POL"]
[SourceTitle "playchess.com"]
[Source "ChessBase"]
[SourceQuality "1"]

{[%evp 27,44,0,0,0,0,0,0,0,0,0,0,0,0,0,0,0,0,0,0]} 1. d4 Nf6 2. c4 e6 3. Nf3 b6 4. g3 Bb4+ 5. Bd2 Be7 6. Bg2 c6 7. O-O d5 8. Qc2 O-O 9. Rd1 Nbd7 10. Bf4 Ba6 {E08: Closed Catalan: Main Line: 7 Qc2} (10... Bb7 11. Ne5 Nh5 12. Bd2 Nhf6 13. cxd5 cxd5 14. Nc6 Bxc6 15. Qxc6 Rc8 16. Qb5 Ne8 17. Qd3 Nd6 18. Nc3 Nf6 19. b3 Qd7 20. Rac1 Rfd8 21. Rc2 Nde4 22. Be1 {½-½ (22) Radjabov,T (2710)-Gelfand,B (2724) Moscow 2017}) 11. Ne5 Rc8 12. cxd5 Nxd5 13. Nc3 Nxe5 14. Bxe5 f6 {LiveBook: 12 Games. The position is equal.} 15. Bf4 $1 Nxf4 16. gxf4 f5 17. Qa4 Bb7 18. Qxa7 Qc7 19. Nb5 Qd7 {Strongly threatening ...Ra8.} 20. Nc3 {[#]} ({Don't blunder} 20. Qxb6 $2 Bd8 $19) 20... Qc7 $146 21. Nb5 Qd7 {Hoping for ...Ra8.} 22. Nc3 ({Avoid the trap} 22. Qxb6 $2 Bd8 $19) 22... Qc7 1/2-1/2

[Event "7th Holuj Radzikowska 2017"]
[Site "Wroclaw"]
[Date "2017.12.01"]
[Round "3"]
[White "Javakhishvili, Lela"]
[Black "Szczepkowska, Karina"]
[Result "1-0"]
[WhiteElo "2438"]
[BlackElo "2406"]
[Annotator "TA"]
[PlyCount "123"]
[EventDate "2017.??.??"]
[EventType "swiss"]
[EventCountry "POL"]
[SourceTitle "playchess.com"]
[Source "ChessBase"]
[SourceQuality "1"]

{[%evp 20,123,33,38,28,10,28,21,39,20,18,35,98,100,139,58,64,56,62,48,79,91,86,25,40,45,137,140,129,129,197,145,172,192,251,102,92,95,95,57,146,153,150,151,151,151,151,151,151,155,159,112,122,118,113,100,164,168,164,161,170,168,204,158,143,144,144,137,137,102,102,102,102,102,102,108,118,82,150,150,150,150,150,150,150,150,220,150,150,150,181,66,150,150,150,102,150,140,1810,1803,1748,1747,1733,1733,1258,1236]} 1. d4 Nf6 2. c4 e6 3. Nf3 Bb4+ 4. Bd2 Qe7 5. g3 Bxd2+ 6. Qxd2 Nc6 {E11: Bogo-Indian} 7. b3 d5 8. Bg2 dxc4 9. bxc4 O-O 10. O-O e5 11. d5 {LiveBook: 5 Games} Nb8 {[%cal Bc6b8,Bb8d7,Bd7b6][%mdl 32]} 12. Nc3 Nbd7 13. Qe3 $146 ({Predecessor:} 13. Rfd1 h6 14. Qb2 {½-½ (34) Bacrot,E (2729)-Ivanchuk,V (2726) Linares 2014}) 13... Re8 14. Nb5 Nb6 15. Nd2 Ng4 (15... Na4 $14) 16. Qa3 $16 Nf6 17. e4 (17. d6 $16 cxd6 18. Nxd6) 17... Qxa3 $14 18. Nxa3 Na4 19. Nb3 $36 {[%mdl 2048] White fights for an advantage.} b6 20. Nb5 Re7 21. f4 (21. Rfc1 $16) 21... Ne8 22. Rfc1 Ba6 (22... Bd7 $14) 23. fxe5 $1 $16 {aiming for d6.} Rxe5 24. N5d4 $1 Nd6 (24... Bb7 $16) 25. Nc6 ({White should play} 25. c5 $18 Nxc5 26. Nxc5 bxc5 27. Rxc5) 25... Ree8 26. e5 Nf5 {[#]} (26... Nxc4 $142 27. Nb4 Bb5) 27. Bh3 (27. d6 $1 $18 {[%mdl 512] and the rest is easy.}) 27... Bc8 28. Re1 Bd7 29. Rf1 Bxc6 (29... g6 $1 $14) 30. Bxf5 {Threatens to win with e6.} g6 31. Bh3 ({Much weaker is} 31. dxc6 $6 gxf5 32. Rxf5 Nb2 $11) 31... Bb7 32. Bd7 {e6 is the strong threat.} Nb2 33. Bxe8 Rxe8 34. Nd2 Ba6 35. d6 cxd6 36. exd6 {Strongly threatening Rae1.} Rd8 37. Rf6 Nxc4 (37... h6 $16) 38. Nxc4 $18 Bxc4 $16 {[%mdl 4096] Endgame KRR-KRB} 39. Rf4 b5 {[#]} 40. Rd4 $1 Kg7 41. a3 Kf6 42. Re1 Be6 43. Kf2 a5 44. Rb1 b4 45. axb4 axb4 46. Rbxb4 {And now Ke3 would win.} Ke5 47. g4 g5 48. Kg3 Bd5 (48... Rxd6 $142 49. Rxd6 Kxd6) 49. Rd2 Rxd6 50. Rb5 h6 51. Ra5 Ke6 52. h4 Ke5 (52... Bc4 $16 {is a better defense.} 53. Rxd6+ Kxd6 54. hxg5 hxg5 55. Rxg5 Be6) 53. Re2+ Kf6 54. Rf2+ Ke6 55. Rh2 (55. Ra7 $18) 55... Ke5 ({Black should try} 55... gxh4+ $14 56. Kxh4 (56. Rxh4 Ke7 $16) 56... Bc4) 56. Rd2 Ke6 57. Rc5 Ke5 58. h5 Ke4 $2 {[%mdl 8192]} (58... Ke6 $16 59. Ra5 Bc6 60. Rxd6+ Kxd6) 59. Rc1 $18 {[%cal Rc1e1] White is clearly winning.} Ke5 60. Re1+ Kf6 61. Rf2+ Kg7 62. Rd1 {Precision: White = 66%, Black = 41%.} 1-0

[Event "7th Holuj Radzikowska 2017"]
[Site "Wroclaw"]
[Date "2017.12.01"]
[Round "3"]
[White "Kulon, Klaudia"]
[Black "Mkrtchian, Lilit"]
[Result "1/2-1/2"]
[WhiteElo "2352"]
[BlackElo "2390"]
[Annotator "TA"]
[PlyCount "96"]
[EventDate "2017.??.??"]
[EventType "swiss"]
[EventCountry "POL"]
[SourceTitle "playchess.com"]
[Source "ChessBase"]
[SourceQuality "1"]

{[%evp 29,96,0,20,0,0,0,0,0,20,0,0,4,42,10,67,-11,-7,-14,23,35,39,22,21,10,11,4,9,0,10,0,0,-10,-10,-8,-8,-8,-8,-8,-8,-8,-10,-24,-24,-24,-24,-31,-2,-4,-2,-2,-2,-3,-4,-10,-11,-9,0,0,0,-9,-9,-9,-10,-10,-10,-10,-10,-10,-10]} 1. e4 e6 2. d4 d5 3. e5 c5 4. c3 Nc6 5. Nf3 Qb6 6. a3 Nh6 {[%cal Bg8h6,Bh6f5,Bf5e7,Be7c8,Bc8b6,Bb6a4][%mdl 32]} 7. b4 cxd4 8. cxd4 Nf5 9. Bb2 Bd7 10. g4 Nfe7 11. Nc3 Na5 {C02: French: Advance Variation} 12. Qc2 (12. Nd2 Rc8 13. Na4 Qc6 14. b5 Qc7 15. Rc1 Qd8 16. Nc5 Ng6 17. Nxd7 Qxd7 18. h4 Be7 19. h5 {½-½ (41) Areshchenko,A (2709)-Romanov,E (2640) Legnica 2013}) 12... Nc4 13. Bxc4 dxc4 14. Nd2 Qc6 15. Nce4 Nc8 {LiveBook: 11 Games} 16. Qxc4 Nb6 17. Qb3 Na4 $146 ({Predecessor:} 17... Qb5 18. Rc1 Bc6 19. f3 {½-½ (41) Orekhov,V (2251)-Gromov,S (2277) ICCF email 2012}) 18. f3 Qd5 {[#] aiming for ...Qxb3.} 19. Rb1 Nxb2 20. Qxb2 Rd8 21. Rc1 Bb5 (21... Be7 $11) 22. Qc3 (22. Rc7 $14) 22... Be7 $11 23. Kf2 Qxd4+ 24. Qxd4 Rxd4 25. Rc8+ Rd8 26. Rxd8+ Kxd8 27. Rc1 Bc6 28. Ke3 f6 29. exf6 gxf6 30. Nc5 Bd5 31. Nd3 h5 {...hxg4 is the strong threat.} 32. h3 hxg4 33. hxg4 f5 34. gxf5 exf5 35. Kd4 Bc6 {Threatening ...Bf6+.} 36. Ke5 $1 Rh2 37. Nb3 Bxf3 {Black wants to play ...Re2+.} 38. Nd4 {The position is equal.} Be4 39. Nf4 Kd7 40. Nxf5 Bxf5 41. Rd1+ Kc6 42. Kxf5 {[%mdl 4096] Endgame KRB-KRN} Ra2 43. Ke6 Bf8 44. Rd8 Bh6 45. Rc8+ Kb5 46. Nd5 {[#] Black must now prevent Nc3+.} Rxa3 47. Rc5+ Ka4 48. Rc7 Be3 {Precision: White = 63%, Black = 49%.} 1/2-1/2

[Event "7th Holuj Radzikowska 2017"]
[Site "Wroclaw"]
[Date "2017.12.01"]
[Round "3"]
[White "Majdan, Joanna"]
[Black "Shvayger, Yuliya"]
[Result "1-0"]
[WhiteElo "2349"]
[BlackElo "2440"]
[Annotator "TA"]
[PlyCount "45"]
[EventDate "2017.??.??"]
[EventType "swiss"]
[EventCountry "POL"]
[SourceTitle "playchess.com"]
[Source "ChessBase"]
[SourceQuality "1"]

{[%evp 25,45,47,28,13,29,4,30,29,120,129,584,580,574,555,503,497,891,878,855,825,1463,1439]} 1. e4 c5 2. Nc3 Nc6 3. Bb5 Nd4 4. Nf3 e6 5. O-O a6 6. Bd3 Ne7 7. Nxd4 cxd4 8. Ne2 Nc6 9. c3 Bc5 10. b4 Ba7 11. cxd4 {B30: Sicilian: 2...Nc6 3 Bb5, lines without ...g6} Nxd4 12. Bb2 Nxe2+ 13. Qxe2 O-O {[#] LiveBook: 3 Games} 14. Qh5 $146 ({Predecessor:} 14. e5 d5 15. a4 g6 16. Qg4 Bd7 17. h4 h5 18. Qf4 Qe7 {1-0 (41) Dzhumaev,M (2553)-Fedorov,A (2592) Voronezh 2013}) 14... d6 15. Kh1 e5 16. f4 g6 {[#]} (16... f6 $11 {remains equal.}) 17. Qh6 $1 $16 f6 $2 {[%mdl 8192]} (17... Qe7 $16) 18. Bc4+ $18 {White is clearly winning.} Kh8 19. fxe5 dxe5 {[#]} 20. Bxe5 $1 {[%mdl 512] White threatens Rxf6! and mate.} Be6 {[#]} (20... Bg4 $142 21. Qxf8+ Qxf8) (20... fxe5 21. Rxf8+) 21. Qxf8+ $3 {[%mdl 512]} Qxf8 22. Rxf6 {[%cal Rf6f8]} ({Less strong is} 22. Bxe6 fxe5 23. Rxf8+ Rxf8 $14) 22... Qg7 23. Bxe6 1-0

[Event "7th Holuj Radzikowska 2017"]
[Site "Wroclaw"]
[Date "2017.12.02"]
[Round "4"]
[White "Zawadzka, Jolanta"]
[Black "Javakhishvili, Lela"]
[Result "1/2-1/2"]
[WhiteElo "2428"]
[BlackElo "2438"]
[Annotator "TA"]
[PlyCount "75"]
[EventDate "2017.??.??"]
[EventType "swiss"]
[EventCountry "POL"]
[SourceTitle "playchess.com"]
[Source "ChessBase"]
[SourceQuality "1"]

{[%evp 21,75,27,34,21,41,33,33,17,29,20,37,24,19,5,3,7,19,1,11,14,19,12,17,7,7,0,0,-6,0,0,0,-5,0,0,0,-24,22,18,27,46,38,0,0,0,0,0,0,0,0,0,0,0,0,0,0,0]} 1. e4 e5 2. Nf3 Nc6 3. Bb5 a6 4. Ba4 d6 5. O-O Bd7 6. d4 Nxd4 7. Bxd7+ Qxd7 8. Nxd4 exd4 9. Qxd4 Nf6 10. c4 Be7 11. Nc3 O-O {LiveBook: 5 Games} 12. f3 {C72: Ruy Lopez: Deferred Steinitz: 5 0-0} (12. b3 c6 13. Bb2 Rad8 14. Rad1 Qc7 15. Kh1 b5 16. Ne2 Rfe8 17. Ng3 d5 18. cxd5 cxd5 19. e5 Bc5 {1-0 (47) Areshchenko,A (2677)-Demchenko,A (2629) Minsk 2017}) 12... Rfe8 $146 ({Predecessor:} 12... Qc6 13. Be3 Nd7 14. Nd5 Bf6 15. Nxf6+ Nxf6 16. Rac1 Nd7 17. Rfd1 Rad8 18. Qd5 Ne5 19. c5 Qa4 {½-½ (41) Kopisch,M (2265)-Vajda,L (2135) Eger 1993}) 13. Be3 c6 14. Rad1 {And now e5 would win.White is slightly better.} Rad8 15. Qd2 Qc7 16. Qf2 Nd7 17. Rd2 b5 18. cxb5 axb5 19. Rc1 {Threatens to win with Nd5!} Qb7 20. Ne2 {[%cal Bc3e2,Be2g3,Bg3h5,Bh5f6][%mdl 32]} Ne5 21. b3 Bf8 22. Rcd1 Ra8 23. Bd4 Ra6 24. Ng3 c5 25. Ba1 c4 26. Nh5 Rc8 27. bxc4 bxc4 28. Bd4 Nd3 {[#]} 29. Nf6+ $1 {[%mdl 512]} Kh8 $1 ({Don't blunder} 29... gxf6 $2 30. Qg3+ Bg7 31. Bxf6 $18) 30. Qh4 {[%csl Gf6][%cal Rh4h7]} h6 31. Ng4 {Strongly threatening Rxd3.} Kh7 {The position is equal.} 32. Nxh6 g5 ({Much weaker is} 32... gxh6 $6 33. Rxd3 d5 34. Rc3 $16) 33. Qxg5 {[#] White threatens Qg8+ and mate.} Bxh6 34. Qf5+ Kg8 35. Qf6 {[%csl Gd4][%cal Rf6h8]} Kh7 {Hoping for ...d5.} 36. Qf5+ Kg8 37. Qf6 {[%csl Gd4][%cal Rf6h8]} Kh7 {aiming for ...d5.} 38. Qf5+ {Precision: White = 52%, Black = 70%.} 1/2-1/2

[Event "7th Holuj Radzikowska 2017"]
[Site "Wroclaw"]
[Date "2017.12.02"]
[Round "4"]
[White "Bulmaga, Irina"]
[Black "Majdan, Joanna"]
[Result "1/2-1/2"]
[WhiteElo "2420"]
[BlackElo "2349"]
[Annotator "TA"]
[PlyCount "60"]
[EventDate "2017.??.??"]
[EventType "swiss"]
[EventCountry "POL"]
[SourceTitle "playchess.com"]
[Source "ChessBase"]
[SourceQuality "1"]

{[%evp 25,60,18,24,18,20,15,24,0,17,0,26,22,31,19,41,13,51,-27,-37,-18,-8,-16,5,0,0,-18,0,0,27,1,0,0,41,25,62,27,64]} 1. e4 c5 2. Nf3 Nc6 3. d4 cxd4 4. Nxd4 e5 5. Nb5 d6 6. c4 Be7 7. N1c3 a6 8. Na3 Be6 9. Bd3 Nf6 10. O-O O-O 11. Nc2 {B32: Sicilian: Löwenthal and Kalashnikov Variations} Rc8 (11... Nd7 12. Ne3 Rc8 13. b3 Nc5 14. Bb2 Bg5 15. Re1 Qf6 16. Bf1 Qg6 17. Nf5 Rcd8 18. Ng3 Bf4 {1-0 (43) Morozevich,A (2665)-Potapov,P (2479) Sochi 2017}) 12. Nd5 Nd7 13. b4 Bg5 {LiveBook: 7 Games} 14. a3 Bxc1 15. Rxc1 Ne7 16. Nce3 Nc6 17. Nc2 Ne7 18. Qd2 g6 $146 ({Predecessor:} 18... Bxd5 19. cxd5 f5 20. exf5 Nxf5 21. Bxf5 Rxf5 {½-½ (34) Jonasson,J (2394)-Skulason,B (2377) ICCF email 2010}) 19. Rfe1 Kh8 20. Bf1 f5 (20... Bxd5 $5 21. exd5 Ng8 $11) 21. exf5 (21. Nxe7 $14 Qxe7 22. exf5 Bxf5 {[#]} 23. Nd4 $1 {[%mdl 512]}) 21... Bxd5 $1 $11 22. cxd5 {next fxg6 is good for White.} gxf5 23. g3 Nb6 24. Bg2 f4 25. Qd3 Qd7 26. Na1 {[%cal Bc2a1,Ba1b3,Bb3d2,Bd2e4][%mdl 32]} Qg4 27. Rxc8 Rxc8 28. Nb3 Rf8 29. Nd2 Qg8 30. Ne4 Qg6 {Precision: White = 30%, Black = 42%.} 1/2-1/2

[Event "7th Holuj Radzikowska 2017"]
[Site "Wroclaw"]
[Date "2017.12.02"]
[Round "4"]
[White "Szczepkowska, Karina"]
[Black "Atalik, Ekaterina"]
[Result "1/2-1/2"]
[WhiteElo "2406"]
[BlackElo "2463"]
[Annotator "TA"]
[PlyCount "86"]
[EventDate "2017.??.??"]
[EventType "swiss"]
[EventCountry "POL"]
[SourceTitle "playchess.com"]
[Source "ChessBase"]
[SourceQuality "1"]

{[%evp 27,86,10,8,0,33,34,37,18,22,19,63,63,66,86,103,85,46,28,21,24,31,35,99,104,105,0,0,0,0,0,0,0,0,0,0,0,0,0,17,0,13,0,0,0,0,0,2,0,86,70,110,0,80,-4,0,0,67,-11,0,0,0]} 1. d4 d5 2. c4 e6 3. Nc3 Nf6 4. cxd5 exd5 5. Bg5 c6 6. e3 Nbd7 7. Bd3 Be7 8. Qc2 h6 9. Bh4 Nh5 10. Bxe7 Qxe7 11. Nge2 Nb6 12. h3 {D36: Queen's Gambit Declined: Exchange Variation: Main line (5 Bg5 c6 6 Qc2)} (12. O-O O-O 13. Rae1 Be6 14. Nc1 Rad8 15. Nb3 Rfe8 16. Nc5 Bc8 17. b4 Nc4 18. Qe2 Qg5 19. f4 Qh4 20. Bxc4 dxc4 {0-1 (37) Navara,D (2724)-Adams,M (2740) Biel 2015}) 12... Nf6 13. O-O-O Be6 14. Kb1 O-O-O {[#] LiveBook: 3 Games} 15. Nc1 $146 ({Predecessor:} 15. g4 Kb8 16. Ng3 Ne8 17. Nce2 Nd6 18. Nf5 Qf8 19. Nxd6 Qxd6 {½-½ (30) Jojua,D (2579)-Sanikidze,T (2513) Tbilisi 2016}) 15... Rhe8 16. f3 {[%cal Bf2f3,Bf3e4,Be4e5][%mdl 32]} Kb8 17. Nb3 Nc8 {[%cal Bb6c8,Bc8d6,Bd6b7,Bb7c5][%mdl 32]} 18. Rhe1 b6 19. Rc1 Nd6 20. e4 dxe4 21. fxe4 {Black must now prevent e5.} Bxb3 22. Qxb3 Nb7 $1 23. e5 Nd5 24. Be4 {[%cal Rc3d5]} Nxc3+ ({Better is} 24... Na5 $14 25. Qc2 Nc7) 25. Qxc3 $16 (25. Rxc3 $6 Rxd4 26. Bxc6 Na5 $11) 25... c5 26. dxc5 (26. Bc6 $1 $16) 26... Nxc5 $11 27. Bf3 Rd3 28. Qc4 {aiming for b4.} Red8 29. Qb4 R3d4 30. Qb5 Qc7 31. Rc2 $40 {[%mdl 128] White is up to no good.} a6 32. Qe2 {And now Rxc5! would win.} Ka7 33. Qe3 Qd7 34. Rec1 Qe6 35. Bg4 f5 36. Bf3 f4 37. Qe2 Re8 (37... g5 $11) 38. a3 $1 $16 {Strongly threatening b4.} Re7 {[#]} ({Not} 38... Qxe5 $2 39. Qxe5 Rxe5 40. b4 $18) 39. Bg4 (39. b4 $1 $16 {[%cal Rb4c5]} Nb7 40. Rc7 Qb3+ 41. Qb2 Qd3+ 42. Ka2 Rxc7 43. Rxc7) 39... Qg6 {[#]} ({Inferior is} 39... Qxe5 40. Qxe5 Rxe5 41. b4 $18) (39... Qd5 $11 {keeps the balance.}) 40. Bh5 (40. b4 $1 $16 {[%cal Rb4c5]} Nb7 41. Ka2) 40... Qf5 (40... Qh7 $11 41. Bf3 g5) 41. Bg4 $14 Qg6 $1 {With the idea ...Nb3.} ({Of course not} 41... Qxe5 $6 42. Qxe5 Rxe5 43. b4 $16) 42. Bh5 (42. b4 $1 $14 Nb3 43. Rd1) 42... Qe4 43. Qxe4 Rxe4 {Precision: White = 54%, Black = 46%.} 1/2-1/2

[Event "7th Holuj Radzikowska 2017"]
[Site "Wroclaw"]
[Date "2017.12.02"]
[Round "4"]
[White "Mkrtchian, Lilit"]
[Black "Shvayger, Yuliya"]
[Result "1-0"]
[WhiteElo "2390"]
[BlackElo "2440"]
[Annotator "TA"]
[PlyCount "43"]
[EventDate "2017.??.??"]
[EventType "swiss"]
[EventCountry "POL"]
[SourceTitle "playchess.com"]
[Source "ChessBase"]
[SourceQuality "1"]

{[%evp 16,18,46,48,57]} 1. Nf3 Nf6 2. g3 g6 3. Bg2 Bg7 4. O-O O-O 5. d4 d6 6. b3 Nbd7 7. Bb2 e5 8. dxe5 Ng4 9. c4 {LiveBook: 147 Games} Ndxe5 {E60: King's Indian: Unusual lines and Fianchetto Variation without Nc3} (9... dxe5 10. Qc2 f5 11. h3 Nh6 12. Rd1 Qe8 13. Nc3 e4 14. Ng5 Qe7 15. Nd5 Qxg5 16. Bxg7 Kxg7 17. Nxc7 Nf6 18. Nxa8 {0-1 (47) Dreev,A (2664)-Harika,D (2514) Almaty 2016}) {Predecessor:} 10. Nxe5 $146 Nxe5 11. Qd2 Re8 12. Nc3 Rb8 13. Nd5 Be6 14. Rac1 c6 15. Nc3 Qb6 16. h3 Rbd8 17. Kh2 Qb4 18. Rfd1 f5 19. Qc2 Nd7 20. e3 Nc5 21. Ne2 Bxb2 22. Qxb2 {½-½ (46) Mesaros,F (2416)-Kaustuv,K (2176) Montevideo 2017} 1-0